000 00909nam a22002777a 4500
003 AR-BeUNQ
005 20231011140033.0
008 230925s2013 ag adob| |||| 00| 0 spa d
040 _aAR-BeUNQ
_cAR-BeUNQ
_eaacr
082 _a373.2
_221
245 0 0 _aCiencias Sociales /
_c[Fabián Claudio Flores (coordinación)]
250 _a1a ed.
260 _aBuenos Aires :
_bLongseller,
_c2013.
300 _a207 p.
_bil. col., fotografías, mapas, gráficos ;
_c28 cm.
490 _aEnlaces (Longseller)
521 _aPara 1º año educación secundaria.
650 7 _aCiencias Sociales
_2spines
650 7 _aHistoria antigua
_2spines
650 7 _aPrehistoria
_2spines
650 7 _aHistoria medieval
_2spines
650 7 _aGeografía
_2spines
700 1 _aFlores, Fabián Claudio
_ecoordinador
830 _vEnlaces (Longseller)
929 _aDONACION
_bGladys Alarcón
_fPAT0080457
_h1
_j60667
942 _cLIB
999 _c899
_d899